Ursula K. Le Guin, voyager to inner lands and to outer space /

Bibliographic Details
Other Authors: De Bolt, Joe, Malzberg, Barry N.
Format: Book
Language:English
Published: Port Washington, N.Y. : Kennikat Press, 1979.
Series:National university publications. Literary criticism series.
Subjects:

MARC

Tag First Indicator Second Indicator Subfields
LEADER 00000pam a2200000 i 4500
001 in00000068580
005 20151008050235.0
008 781207s1979 nyu b 00100 eng
010 |a  78020916  
020 |a 0804692297 :  |c $15.00 
035 |a (OCoLC)04515998 
035 |9 AAG0118AM 
040 |a DLC  |c DLC  |d TXA  |d UtOrBLW 
043 |a n-us--- 
049 |a TXAM [Also in] [Sp Coll]  |c 1 [1403965]  |a TXAS  |c 2 [1102480] 
050 0 0 |a PS3562.E42  |b Z96 
082 0 |a 813/.5/4 
245 0 0 |a Ursula K. Le Guin, voyager to inner lands and to outer space /  |c edited by Joe De Bolt ; with an introd. by Barry N. Malzberg. 
264 1 |a Port Washington, N.Y. :  |b Kennikat Press,  |c 1979. 
300 |a 221 pages ;  |c 22 cm. 
336 |a text  |b txt  |2 rdacontent 
337 |a unmediated  |b n  |2 rdamedia 
338 |a volume  |b nc  |2 rdacarrier 
490 1 |a Literary criticism series 
490 0 |a National university publications 
500 |a Includes indexes. 
504 |a Bibliography: pages 211-214. 
600 1 0 |a Le Guin, Ursula K.,  |d 1929-  |x Criticism and interpretation. 
650 0 |a Science fiction, American  |x History and criticism. 
700 1 |a De Bolt, Joe. 
700 1 |a Malzberg, Barry N. 
830 0 |a National university publications.  |p Literary criticism series. 
999 |a MARS 
999 f f |s ed5826fd-1469-3b15-83f1-c7c142e10bbf  |i 7c85904f-5c17-362b-8516-c544573cc4ff  |t 0 
952 f f |p normal  |a Texas A&M University  |b College Station  |c Sterling C. Evans Library  |s Evans stk  |d Evans: Library Stacks  |t 0  |e PS3562.E42 Z96  |h Library of Congress classification  |i unmediated -- volume  |m A14804126017 
998 f f |a PS3562.E42 Z96  |t 0  |l Evans: Library Stacks